Movies Quiz

Random Movies Quiz

Screenwriters Quiz Stats

 Plays Quiz not verified by Sporcle

Also try: Biopic Movies II
Challenge
Share
Tweet
Embed
Score 0/18 Timer 20:00
0 Plays Today
Films Screenwriter % Correct
Clerks; Mallrats; Chasing Amy; Dogma; Jersey GirlKevin Smith
90.3%
Hard Eight; Boogie Nights; Magnolia; There Will Be BloodPaul Thomas Anderson
87.5%
Juno; Jennifer's Body; Young AdultDiabo Cody
80.6%
Love & Death; Interiors; Zelig; September; Deconstructing Harry; Match PointWoody Allen
79.2%
75%
Roxanne; L.A. Story; A Simple Twist of Fate; Bowfinger; ShopgirlSteve Martin
72.2%
The Cutting Edge; Dolores Claiborne; Michael Clayton; DuplicityTony Gilroy
54.2%
Five Corners; Moonstruck; The January Man; DoubtJohn Patrick Shanley
52.8%
Kingdom of Heaven; The Departed; Body of LiesWilliam Monahan
48.6%
Films Screenwriter % Correct
The Queen; The Other Boleyn Girl; Frost/Nixon; The Damned UnitedPeter Morgan
43.1%
The Full Monty; Among Giants; Blow Dry; Slumdog MillionaireSimon Beaufoy
43.1%
Dead Again; Little Man Tate; Get Shorty; Out of SightScott Frank
40.3%
Go; Big Fish; Charlie & the Chocolate FactoryJohn August
36.1%
Dangerous Liaisons; Carrington; Imagining Argentina; Atonement; CheriChristopher Hampton
36.1%
Amores Perros; 21 Grams; The Three Burials of Melquiades EstradaGuillermo Arriaga
31.9%
The Adventure of Sherlock Holmes' Smarter Brother; The World's Greatest LoverGene Wilder
31.9%
The Pianist; Being Julia; The Diving Bell and the Butterfly; Love in the Time of CholeraRonald Harwood
27.8%
Wetherby; Plenty; Damage; The Hours; The ReaderDavid Hare
25%

You're not logged in!

Compare scores with friends on all Sporcle quizzes.
Join for Free
OR
Log In

You Might Also Like...

Show Comments

Extras

Created Oct 30, 2010ReportNominate
Tags:screenwriter

Top Quizzes Today


Score Distribution

Your Account Isn't Verified!

In order to create a playlist on Sporcle, you need to verify the email address you used during registration. Go to your Sporcle Settings to finish the process.

Report this User

Report this user for behavior that violates our Community Guidelines.

Details: